| 000 | 004620000a22001810004500 | ||
|---|---|---|---|
| 003 | MACL | ||
| 005 | 20150804165202.0 | ||
| 008 | 150804b xxu||||| |||| 00| 0 eng d | ||
| 040 |
_aMACL _cMACL |
||
| 041 | _aEnglish | ||
| 082 | _a370/EME | ||
| 100 |
_aEmehatsion , Tecle Ghebremuse _94758 |
||
| 245 |
_aAcademic Writing _bNew Perspectives |
||
| 260 |
_aNew Delhi _bMedia Publishers _c2004 |
||
| 350 | _a300 | ||
| 650 |
_aEducation _94759 |
||
| 942 |
_cBK _k370 _2ddc |
||
| 999 |
_c2893 _d2893 |
||